| 000 | 01022nac a22002531u 4500 | ||
|---|---|---|---|
| 010 | _a 95036996 | ||
| 020 | _a0070427917 (acid-free paper) | ||
| 022 | _a0071145060 | ||
| 082 | 0 | 0 |
_a658.4012 _bM6121 |
| 090 |
_c3918 _d3918 |
||
| 100 | _aMiller, Alex, | ||
| 245 | 1 | 0 |
_aStrategic management / _cAlex Miller, Gregory G. Dess. |
| 250 |
_a2nd ed. _bInternational ed. |
||
| 260 |
_aNew York : _bMcGraw-Hill, _cc1996. |
||
| 300 |
_a1 v. (various pagings) : _bill. (some col.), col. maps ; _c24 cm. |
||
| 440 | 0 | _aMcGraw-Hill series in management | |
| 500 | _aRev. and updated ed. of: Strategic management / Gregory G. Dess, Alex Miller. 1992. | ||
| 504 | _aIncludes bibliographical references and index. | ||
| 650 | 0 | _aStrategic planning. | |
| 650 | 0 |
_aStrategic planning _xCase studies. |
|
| 700 | 1 | _aDess, Gregory G. | |
| 942 |
_cBB _k658.4012M6121 |
||
| 999 |
_c3918 _d3918 |
||